[Event "Moscow op-B"]
[Site "Moscow"]
[Date "2009.02.05"]
[Round "6"]
[White "Asgarov, Mushfig Nizami"]
[Black "Nastashuk, Stanislav"]
[Result "1/2-1/2"]
[WhiteElo "2192"]
[BlackElo "1936"]
[PlyCount "103"]
[EventDate "2009.01.31"]
[EventType "swiss"]
[EventRounds "9"]
[EventCountry "RUS"]
[SourceTitle "EXT 2012"]
[Source "ChessBase"]
[SourceDate "2011.11.24"]
[SourceVersion "1"]
[SourceVersionDate "2011.11.24"]
[SourceQuality "1"]

1. e4 c5 2. Nf3 Nc6 3. Bb5 g6 4. 0-0 Bg7 5. c3 a6 6. Bxc6 bxc6 7. d4 cxd4 8. cxd4 Nf6 9. Nc3 0-0 10. Re1 d6 11. h3 h6 12. b3 a5 13. e5 Nd5 14. Nxd5 cxd5 15. exd6 Qxd6 16. a4 Re8 17. Ba3 Qf6 18. Ne5 Bf5 19. Qd2 Qb6 20. Bc5 Qb7 21. g4 Be4 22. f3 Bxe5 23. dxe5 Bxf3 24. e6 Be4 25. Qxh6 Qxb3 26. exf7+ Kxf7 27. Qh7+ Ke6 28. Rxe4+ dxe4 29. Qxg6+ Kd7 30. Qf5+ Kc7 31. Qe5+ Kd7 32. Rc1 Ra6 33. Bf2 Rd6 34. Qxe4 Rd1+ 35. Rxd1+ Qxd1+ 36. Kg2 Qd6 37. Qb7+ Qc7 38. Qd5+ Qd6 39. Qxa5 Qc6+ 40. Kf1 Rb8 41. Qf5+ Ke8 42. Qh5+ Kd7 43. Qf5+ Ke8 44. g5 Qc1+ 45. Kg2 Rb1 46. Qg6+ Kf8 47. Qh6+ Ke8 48. Qh8+ Kd7 49. Qd4+ Ke8 50. Qh8+ Kd7 51. Qd4+ Ke8 52. Qh8+ 1/2-1/2

[Event "Moscow GFSO-ch op"]
[Site "Moscow"]
[Date "2008.10.09"]
[Round "5"]
[White "Nastashuk, Stanislav"]
[Black "Parakhoni, Anna"]
[Result "1-0"]
[WhiteElo "1930"]
[BlackElo "1793"]
[PlyCount "83"]
[EventDate "2008.09.28"]
[EventType "swiss"]
[EventRounds "9"]
[EventCountry "RUS"]
[SourceTitle "EXT 2022"]
[Source "ChessBase"]
[SourceDate "2021.10.06"]
[SourceVersion "1"]
[SourceVersionDate "2021.10.06"]
[SourceQuality "1"]

1. c4 e6 2. d4 Bb4+ 3. Nd2 f5 4. Ngf3 Nf6 5. a3 Bxd2+ 6. Nxd2 b6 7. e3 Bb7 8. Bd3 0-0 9. 0-0 d6 10. b4 Nbd7 11. Bb2 Qe8 12. f3 Qh5 13. Qe2 c5 14. Rfe1 Rac8 15. e4 fxe4 16. Nxe4 Nxe4 17. Bxe4 d5 18. Bd3 cxd4 19. Bxd4 e5 20. Bf2 d4 21. Bg3 Rf7 22. c5 Re7 23. Rac1 bxc5 24. bxc5 Ree8 25. Ba6 Nxc5 26. Qa2+ Qf7 27. Bc4 Ne6 28. Rxe5 Ba6 29. h3 Bxc4 30. Rxc4 Rxc4 31. Qxc4 h6 32. Bf2 Kh7 33. Bxd4 Nxd4 34. Qxd4 Rxe5 35. Qxe5 Qb3 36. Qe4+ Kh8 37. Qa8+ Kh7 38. Qxa7 Qd1+ 39. Kh2 Qd6+ 40. Kh1 Qd1+ 41. Qg1 Qb3 42. Qa1 1-0

[Event "Moscow GFSO-ch op"]
[Site "Moscow"]
[Date "2008.10.04"]
[Round "3"]
[White "Cherny, Oleg"]
[Black "Nastashuk, Stanislav"]
[Result "1/2-1/2"]
[WhiteElo "2056"]
[BlackElo "1930"]
[PlyCount "71"]
[EventDate "2008.09.28"]
[EventType "swiss"]
[EventRounds "9"]
[EventCountry "RUS"]
[SourceTitle "EXT 2022"]
[Source "ChessBase"]
[SourceDate "2021.10.06"]
[SourceVersion "1"]
[SourceVersionDate "2021.10.06"]
[SourceQuality "1"]

1. d4 Nf6 2. Nf3 b6 3. c4 e6 4. Bg5 Bb7 5. Nc3 Bb4 6. e3 h6 7. Bh4 g5 8. Bg3 Ne4 9. Qc2 d6 10. Bd3 f5 11. Qa4+ Nc6 12. Bxe4 Bxc3+ 13. bxc3 fxe4 14. Nd2 0-0 15. 0-0 Ne7 16. Qd1 Qe8 17. h4 Qg6 18. Qg4 gxh4 19. Qxh4 Nf5 20. Qh3 Rf7 21. c5 Rg7 22. cxd6 cxd6 23. Kh2 Rf8 24. Rh1 h5 25. Nc4 h4 26. Bxd6 Nxd6 27. Nxd6 Rxf2 28. Rhg1 Qg3+ 29. Kh1 Qxd6 30. Raf1 Rxa2 31. Rf4 Qe7 32. Rgf1 Bd5 33. Rxh4 Qxh4 34. Qxh4 Raxg2 35. Qd8+ Kh7 36. Qh4+ 1/2-1/2

[Event "Moscow op-B 04th"]
[Site "Moscow"]
[Date "2008.02.09"]
[Round "8"]
[White "Nastashuk, Stanislav"]
[Black "Kamov, Igor"]
[Result "1-0"]
[WhiteElo "1861"]
[BlackElo "2196"]
[PlyCount "53"]
[EventDate "2008.02.02"]
[EventType "swiss"]
[EventRounds "9"]
[EventCountry "RUS"]
[SourceTitle "CBM 122 Extra"]
[Source "ChessBase"]
[SourceDate "2008.03.04"]
[SourceVersion "1"]
[SourceVersionDate "2008.03.04"]
[SourceQuality "1"]

1. c4 Nf6 2. g3 e5 3. Nc3 d5 4. cxd5 Nxd5 5. Bg2 Nb6 6. Nf3 Nc6 7. 0-0 Be7 8. a3 0-0 9. b4 a6 10. d3 Re8 11. Be3 Bf8 12. Rc1 Nd4 13. Ne4 c6 14. Nc5 f5 15. a4 Kh8 16. a5 Nxf3+ 17. Bxf3 Nd5 18. Bd2 e4 19. dxe4 fxe4 20. Nxe4 Nxb4 21. Rc4 Qxa5 22. Qb1 c5 23. Ng5 g6 24. Bc3+ Bg7 25. Rh4 Re7 26. Rxh7+ Kg8 27. Qxg6 1-0

[Event "Moscow op-B 04th"]
[Site "Moscow"]
[Date "2008.02.08"]
[Round "7"]
[White "Kurnaev, Vladimir"]
[Black "Nastashuk, Stanislav"]
[Result "0-1"]
[WhiteElo "2113"]
[BlackElo "1861"]
[PlyCount "78"]
[EventDate "2008.02.02"]
[EventType "swiss"]
[EventRounds "9"]
[EventCountry "RUS"]
[SourceTitle "CBM 122 Extra"]
[Source "ChessBase"]
[SourceDate "2008.03.04"]
[SourceVersion "1"]
[SourceVersionDate "2008.03.04"]
[SourceQuality "1"]

1. d4 Nf6 2. Nf3 b6 3. e3 Bb7 4. c4 e6 5. Nc3 Bb4 6. Bd2 0-0 7. Be2 d6 8. 0-0 Nbd7 9. a3 Bxc3 10. Bxc3 Ne4 11. Be1 f5 12. Nd2 Nxd2 13. Bxd2 Nf6 14. f3 Qe7 15. b4 c5 16. Bc3 Rac8 17. Rc1 e5 18. Re1 Kh8 19. Bf1 e4 20. d5 Rc7 21. b5 Bc8 22. a4 Bd7 23. a5 Be8 24. Qc2 h6 25. axb6 axb6 26. Ra1 Kh7 27. Ra6 Rb7 28. Kh1 g5 29. Ra2 Bg6 30. Qb2 exf3 31. gxf3 Nd7 32. Qf2 Ne5 33. h3 Bh5 34. Be2 g4 35. f4 Nf3 36. Rd1 Rg8 37. Bxf3 gxf3 38. Rg1 Rxg1+ 39. Kxg1 Rb8 0-1

[Event "Moscow op-B 04th"]
[Site "Moscow"]
[Date "2008.02.07"]
[Round "6"]
[White "Sokolov, Boris"]
[Black "Nastashuk, Stanislav"]
[Result "0-1"]
[WhiteElo "2038"]
[BlackElo "1861"]
[PlyCount "90"]
[EventDate "2008.02.02"]
[EventType "swiss"]
[EventRounds "9"]
[EventCountry "RUS"]
[SourceTitle "CBM 122 Extra"]
[Source "ChessBase"]
[SourceDate "2008.03.04"]
[SourceVersion "1"]
[SourceVersionDate "2008.03.04"]
[SourceQuality "1"]

1. b4 e5 2. Bb2 f6 3. a3 d5 4. e3 Be6 5. Nf3 Bd6 6. Be2 Ne7 7. d3 0-0 8. c4 c6 9. c5 Bc7 10. Nbd2 Nd7 11. Qc2 Qe8 12. h3 Qf7 13. e4 Ng6 14. g3 a5 15. h4 axb4 16. axb4 Rxa1+ 17. Bxa1 Ra8 18. 0-0 h6 19. exd5 Bxd5 20. Ne4 b5 21. Nc3 Be6 22. Bb2 Ne7 23. d4 Nd5 24. Nxd5 Bxd5 25. dxe5 fxe5 26. Nd2 Rf8 27. Ne4 Qg6 28. Bd3 Rf3 29. Rd1 Nf8 30. Nc3 Qf7 31. Nxd5 cxd5 32. Bxb5 e4 33. Bc6 Bxg3 34. Bxd5 Ne6 35. fxg3 Rxg3+ 36. Kh2 Qf4 37. Bxe6+ Kh7 38. Qxe4+ Qxe4 39. Kxg3 Qe3+ 40. Kg4 Qxe6+ 41. Kf4 Qb3 42. Rd2 Qxb4+ 43. Ke3 Qxc5+ 44. Bd4 Qe7+ 45. Kf3 Qxh4 0-1

[Event "Moscow op1"]
[Site "Moscow"]
[Date "2007.10.20"]
[Round "6"]
[White "Nastashuk, Stanislav"]
[Black "Talybov, Shukiur"]
[Result "1-0"]
[WhiteElo "1855"]
[BlackElo "2029"]
[PlyCount "67"]
[EventDate "2007.10.07"]
[EventType "swiss"]
[EventRounds "9"]
[EventCountry "RUS"]
[SourceTitle "EXT 2009"]
[Source "ChessBase"]
[SourceDate "2008.11.26"]
[SourceVersion "1"]
[SourceVersionDate "2008.11.26"]
[SourceQuality "1"]

1. Nf3 Nf6 2. b3 e6 3. Bb2 b6 4. g3 Bb7 5. Bg2 c5 6. 0-0 Be7 7. c4 d6 8. Nc3 0-0 9. d4 cxd4 10. Nxd4 Bxg2 11. Kxg2 a6 12. e4 Qc7 13. Qe2 Nbd7 14. Rfd1 Qb7 15. Kg1 Rfe8 16. Nc2 Rac8 17. Rd2 Bf8 18. Rad1 b5 19. cxb5 axb5 20. f3 b4 21. Nb5 d5 22. e5 Nh5 23. Ncd4 Bc5 24. f4 g6 25. Kh1 Ng7 26. Nd6 Bxd6 27. exd6 Nc5 28. Qb5 Qxb5 29. Nxb5 Ne4 30. d7 Red8 31. dxc8Q Rxc8 32. Re2 Nf5 33. Rc1 Rxc1+ 34. Bxc1 1-0

[Event "Moscow op1"]
[Site "Moscow"]
[Date "2007.10.07"]
[Round "1"]
[White "Kuznetsov, Mikhail V"]
[Black "Nastashuk, Stanislav"]
[Result "1-0"]
[WhiteElo "2179"]
[BlackElo "1855"]
[PlyCount "59"]
[EventDate "2007.10.07"]
[EventType "swiss"]
[EventRounds "9"]
[EventCountry "RUS"]
[SourceTitle "EXT 2009"]
[Source "ChessBase"]
[SourceDate "2008.11.26"]
[SourceVersion "1"]
[SourceVersionDate "2008.11.26"]
[SourceQuality "1"]

1. d4 Nf6 2. Nf3 b5 3. g3 c5 4. Bg2 Bb7 5. 0-0 g6 6. c4 cxd4 7. Qxd4 Bg7 8. Nc3 0-0 9. Qh4 d6 10. Bg5 Nbd7 11. Rac1 Qb8 12. Rfd1 Rc8 13. b3 a6 14. a4 Bc6 15. b4 Ra7 16. axb5 axb5 17. cxb5 Bxf3 18. Bxf3 Ne5 19. Bd5 Rac7 20. Qd4 h6 21. Bf4 Nfd7 22. Ne4 Rxc1 23. Rxc1 Rxc1+ 24. Bxc1 Qc7 25. Be3 e6 26. Bb3 d5 27. Nd2 Kh7 28. Kg2 Bf8 29. Qh4 Nc4 30. Bc2 1-0